01016cam a2200265 a 45000010008000000030004000080050017000120080041000290100017000700200028000870200037001150350021001520400018001730430012001910500022002030820024002251000040002492450101002892600086003903000040004765000107005166100053006236500026006767100048007021212351OSt20170126115425.0990209s1999 nyua c 000 0 eng  a 99014145  a0870999001 (alk. paper) a0810965402 (Abrams : alk. paper) a(DLC) 99014145 aDLCcDLCdDLC an-us-ny00aNK4709b.M38 199900a746.9/2/07474712211 aMartin, Richardq(Richard Harrison)10aOur new clothes :bacquisitions of the 1990s /cRichard Martin ; photographs by Karin L. Willis. aNew York :bMetropolitan Museum of Art :bDistributed by Harry N. Abrams,cc1999. a79 p. :bill. (some col.) ;c30 cm. aCatalog of an exhibition held at the Metropolitan Museum of Art, New York, N.Y., Apr. 6-Aug. 22, 1999.20aCostume Institute (New York, N.Y.)xExhibitions. 0aCostumexExhibitions.2 aMetropolitan Museum of Art (New York, N.Y.)